[Event "SVK Extraliga 2018/2019"]
[Site "Modra"]
[Date "2019.03.09"]
[Round "7.1"]
[White "Saric, Ivan"]
[Black "Babula, Vlastimil"]
[Result "1-0"]
[WhiteElo "2703"]
[BlackElo "2551"]
[PlyCount "75"]
[EventDate "2019.??.??"]

1. e4 c5 2. Nf3 e6 3. d4 cxd4 4. Nxd4 a6 5. Bd3 Bc5 6. Nb3 Ba7 7. O-O Nc6 8.
Qg4 Qf6 9. Qg3 Qg6 10. Bf4 Qxg3 11. Bxg3 Ke7 12. N1d2 d6 13. Kh1 e5 14. f4 Nh6
15. h3 f6 16. Bc4 Nb4 17. c3 Nc2 18. Rac1 Ne3 19. Rf3 Nxc4 20. Nxc4 Be6 21.
Nca5 Rhc8 22. Nxb7 Rab8 23. Nxd6 Kxd6 24. fxe5+ fxe5 25. Rd1+ Ke7 26. Bxe5 Bxb3
27. axb3 Rxb3 28. Bxg7 Rc6 29. e5 Rbb6 30. Bf6+ Ke6 31. Bd8 Ng8 32. Bxb6 Rxb6
33. Rf8 Ne7 34. b4 Nf5 35. g4 Ne3 36. Rd6+ Kxe5 37. Rd7 Rb8 38. Re7+ 1-0

[Event "SVK Extraliga 2018/2019"]
[Site "Modra"]
[Date "2019.03.09"]
[Round "7.3"]
[White "Martinovic, Sasa"]
[Black "Mrva, Martin"]
[Result "1/2-1/2"]
[WhiteElo "2558"]
[BlackElo "2416"]
[PlyCount "149"]
[EventDate "2019.??.??"]

1. d4 Nf6 2. c4 g6 3. Nf3 Bg7 4. g3 O-O 5. Bg2 d6 6. Nc3 Nc6 7. O-O a6 8. Bf4
Nd7 9. Qd2 Re8 10. Rfd1 Nf8 11. b3 Rb8 12. Rac1 Bg4 13. d5 Na7 14. h3 Bd7 15.
e4 e5 16. Bg5 f6 17. Be3 Nc8 18. b4 g5 19. c5 g4 20. hxg4 Bxg4 21. Re1 Ne7 22.
Nh2 Bd7 23. g4 Neg6 24. Ne2 Nh4 25. Ng3 Nfg6 26. Nf5 Nxf5 27. exf5 Ne7 28. Be4
Kh8 29. Nf1 Rg8 30. Ng3 Be8 31. Kg2 Bf8 32. f3 c6 33. cxd6 Nxd5 34. Bxd5 cxd5
35. Qxd5 Bc6 36. Qc4 Qxd6 37. Bc5 Qd2+ 38. Re2 Qd7 39. Bxf8 Rbxf8 40. Ree1 e4
41. Nxe4 Qxf5 42. Qd4 Qf4 43. Rc4 Rg7 44. Qd6 Rxg4+ 45. Kf2 Rfg8 46. Qxf4 Rxf4
47. Ke3 Rh4 48. Rd1 Rh3 49. Rd6 f5 50. Nd2 Rg6 51. Rcd4 Kg7 52. Kf4 Rh4+ 53.
Kxf5 Rxd6 54. Rxd6 Rxb4 55. Ne4 Rb5+ 56. Kf4 Ra5 57. Rd2 Ra3 58. Rg2+ Kf8 59.
Rh2 h6 60. Rxh6 Rxa2 61. Rh7 Ra5 62. Nd6 Ra3 63. Nxb7 Rxf3+ 64. Ke5 Rf1 65. Nc5
Bb5 66. Ne6+ Kg8 67. Rg7+ Kh8 68. Ra7 Re1+ 69. Kf6 Rf1+ 70. Ke5 Bc4 71. Nd4 Bd3
72. Ne6 Rf5+ 73. Kd4 Bf1 74. Ra8+ Kh7 75. Rf8 1/2-1/2

[Event "SVK Extraliga 2018/2019"]
[Site "?"]
[Date "2019.03.09"]
[Round "7.2"]
[White "Klekowski, Maciej"]
[Black "Jablonicky, Martin"]
[Result "1/2-1/2"]
[WhiteElo "2499"]
[BlackElo "2308"]
[PlyCount "120"]
[EventDate "2019.??.??"]

1. c4 g6 2. Nc3 Bg7 3. g3 Nf6 4. Bg2 O-O 5. d4 d6 6. e3 c5 7. Nge2 Nc6 8. O-O
Bd7 9. b3 a6 10. Bb2 Rb8 11. dxc5 dxc5 12. Nf4 e6 13. Qd6 Qe7 14. Rfd1 Rfd8 15.
Na4 Qxd6 16. Rxd6 Ne8 17. Bxg7 Nxd6 18. Bf6 Rdc8 19. Nb6 Be8 20. Rd1 Rd8 21.
Bxd8 Rxd8 22. Na4 Nxc4 23. Rxd8 Nxd8 24. Nxc5 Nd6 25. b4 Bc6 26. Nfd3 Bxg2 27.
Kxg2 Nc6 28. f4 a5 29. bxa5 Nxa5 30. e4 Nb5 31. e5 Nc3 32. Nb4 b6 33. Nd7 Nc4
34. Kf3 Kg7 35. g4 h6 36. h4 h5 37. gxh5 gxh5 38. Nf6 Kg6 39. Ne4 Nb5 40. Nc6
Nc7 41. Ne7+ Kh6 42. Nd6 Nd2+ 43. Ke2 Nb1 44. Kd3 Kg7 45. Kc2 Na3+ 46. Kb2 Nab5
47. Nxb5 Nxb5 48. Nc8 Nc7 49. Nxb6 Kg6 50. Nd7 Kf5 51. Nf6 Kxf4 52. Nxh5+ Kxe5
53. Ng3 f5 54. h5 Kf6 55. Kc3 Kg5 56. Kd4 f4 57. Ne2 Kf5 58. h6 e5+ 59. Kd3 Kg6
60. Ke4 Kxh6 1/2-1/2

[Event "SVK Extraliga 2018/2019"]
[Site "?"]
[Date "2019.03.09"]
[Round "7.4"]
[White "Manik, Mikulas"]
[Black "Rohacek, Miroslav"]
[Result "1-0"]
[WhiteElo "2386"]
[BlackElo "2218"]
[PlyCount "55"]
[EventDate "2019.??.??"]

1. e4 e5 2. Nf3 Nf6 3. Nxe5 d6 4. Nf3 Nxe4 5. Nc3 Nxc3 6. dxc3 Be7 7. Bf4 O-O
8. Qd2 Qe8 9. Be2 Bg4 10. O-O Nc6 11. h3 Bf5 12. Bb5 a6 13. Ba4 b5 14. Bb3 Na5
15. Bd5 c6 16. Nd4 Bg6 17. Bf3 Qd7 18. Rfe1 Rfe8 19. b4 c5 20. bxa5 cxd4 21.
Bxa8 Rxa8 22. Qxd4 Bf6 23. Be5 Bxe5 24. Rxe5 Qc7 25. Rd5 Bxc2 26. Rc1 Bg6 27.
Rxd6 Qxa5 28. Rd1 1-0

[Event "SVK Extraliga 2018/2019"]
[Site "?"]
[Date "2019.03.09"]
[Round "7.5"]
[White "Bury, Rastislav"]
[Black "Jacko, Vladimir"]
[Result "1/2-1/2"]
[WhiteElo "2123"]
[BlackElo "2323"]
[PlyCount "104"]
[EventDate "2019.??.??"]

1. d4 Nf6 2. Nf3 g6 3. g3 Bg7 4. Bg2 O-O 5. O-O d6 6. c4 Nbd7 7. Nc3 e5 8. e4
exd4 9. Nxd4 Re8 10. h3 a6 11. Re1 Rb8 12. a4 Ne5 13. Qe2 c5 14. Nf3 Nc6 15.
Bf4 Nh5 16. Bg5 Nd4 17. Qd2 Qa5 18. g4 Nf6 19. Rad1 Nd7 20. Nd5 Qxd2 21. Rxd2
Nc6 22. Nc7 Rf8 23. Nd5 f6 24. Bf4 Nde5 25. Nb6 g5 26. Bg3 Rd8 27. Red1 Bf8 28.
Bxe5 Nxe5 29. Nxe5 fxe5 30. Nxc8 Rbxc8 31. Bf1 Rc6 32. b3 Rd7 33. Kg2 Rf7 34.
f3 Be7 35. Be2 Rf6 36. Rb2 Rb6 37. Rdb1 Rb4 38. Rc2 Bd8 39. Bd3 Ba5 40. Be2 Rb6
41. Kg3 Rh6 42. Bf1 Kf7 43. Kf2 Rc6 44. Ke3 Rc8 45. Kf2 Ke7 46. Ke3 Rf8 47. Bg2
Rhf6 48. Rf1 Bb4 49. Ra1 h5 50. Rcc1 Rh8 51. gxh5 Rxh5 52. Rc2 Rh4 1/2-1/2

[Event "SVK Extraliga 2018/2019"]
[Site "?"]
[Date "2019.03.09"]
[Round "7.7"]
[White "Spacek, Oliver"]
[Black "Kusiak, Matej"]
[Result "1/2-1/2"]
[WhiteElo "2194"]
[BlackElo "2253"]
[PlyCount "70"]
[EventDate "2019.??.??"]

1. d4 Nf6 2. Nf3 e6 3. c4 c5 4. d5 b5 5. dxe6 fxe6 6. cxb5 d5 7. Bg5 Be7 8.
Nbd2 O-O 9. e3 a6 10. bxa6 Nc6 11. a3 Qb6 12. Qc2 c4 13. b3 cxb3 14. Qxb3 Qxb3
15. Nxb3 Bxa6 16. Bxa6 Rxa6 17. O-O Rfa8 18. Nbd4 Nxd4 19. Nxd4 Bxa3 20. f3 Bc5
21. Rxa6 Rxa6 22. Rc1 Bxd4 23. exd4 Ra4 24. Rc8+ Kf7 25. Rc7+ Kg6 26. Be3 Ng8
27. h4 h6 28. g4 Rc4 29. Ra7 h5 30. gxh5+ Kh7 31. Ra6 Ne7 32. Rxe6 Nf5 33. Bf2
Nxd4 34. Bxd4 Rxd4 35. Rd6 Rxh4 1/2-1/2

[Event "SVK Extraliga 2018/2019"]
[Site "?"]
[Date "2019.03.09"]
[Round "7.8"]
[White "Danada, Tomas"]
[Black "Gasa, Patrik"]
[Result "1-0"]
[WhiteElo "2221"]
[BlackElo "2186"]
[PlyCount "115"]
[EventDate "2019.??.??"]

1. d4 d5 2. c4 e6 3. Nf3 Nf6 4. Nc3 Be7 5. Bf4 O-O 6. Rc1 c6 7. e3 Nbd7 8. h3
a6 9. c5 b6 10. b4 b5 11. a4 Bb7 12. Bd3 Re8 13. O-O Nf8 14. Qe2 Ng6 15. Bg3
Nh5 16. Bh2 f5 17. g4 fxg4 18. hxg4 Nf6 19. Bxg6 hxg6 20. Ne5 g5 21. a5 Nd7 22.
Nxd7 Qxd7 23. Be5 Bf6 24. f4 Bxe5 25. fxe5 Rf8 26. Qd3 Rxf1+ 27. Rxf1 Rf8 28.
Rxf8+ Kxf8 29. Qg6 Qf7 30. Qxg5 Qf3 31. Qf4+ Qxf4 32. exf4 Bc8 33. Kf2 Bd7 34.
Kg3 Kf7 35. Kh4 Kg6 36. Ne2 Bc8 37. Ng1 Bd7 38. Nf3 Bc8 39. Kg3 Kh6 40. Nh4 g6
41. Nf3 Bd7 42. Kh4 Bc8 43. f5 gxf5 44. gxf5 exf5 45. Kg3 Be6 46. Kf4 Kg6 47.
Nh4+ Kf7 48. Nxf5 Bd7 49. Kg5 Be6 50. Nd6+ Ke7 51. Kg6 Bh3 52. Nf5+ Ke6 53. Nh4
Bg4 54. Kg7 Bh5 55. Kf8 Kd7 56. Nf5 Be8 57. Ng7 Bg6 58. e6+ 1-0

[Event "SVK Extraliga 2018/2019"]
[Site "?"]
[Date "2019.03.09"]
[Round "7.1"]
[White "Ponizil, Cyril"]
[Black "Erdos, Viktor"]
[Result "1/2-1/2"]
[WhiteElo "2502"]
[BlackElo "2612"]
[PlyCount "42"]
[EventDate "2019.??.??"]

1. e4 c5 2. Nf3 d6 3. d4 Nf6 4. Nc3 cxd4 5. Nxd4 e5 6. Nf3 Be7 7. Bc4 Be6 8.
Bb3 O-O 9. O-O h6 10. Re1 Nbd7 11. Nd5 Rc8 12. c3 Nxd5 13. Bxd5 Qb6 14. Bxe6
fxe6 15. Qe2 Qc6 16. h3 Bd8 17. Bd2 b5 18. Rad1 Qc4 19. Be3 Be7 20. Nd2 Qxe2
21. Rxe2 a6 1/2-1/2

[Event "SVK Extraliga 2018/2019"]
[Site "?"]
[Date "2019.03.09"]
[Round "7.3"]
[White "Motuz, Karol"]
[Black "Petenyi, Tamas"]
[Result "1-0"]
[WhiteElo "2368"]
[BlackElo "2423"]
[PlyCount "119"]
[EventDate "2019.??.??"]

1. d4 g6 2. c4 Bg7 3. g3 c5 4. d5 d6 5. Nc3 Nf6 6. Bg2 O-O 7. Bf4 a6 8. a4 Nbd7
9. Nf3 Ng4 10. O-O Nge5 11. Nd2 Rb8 12. Qc2 h6 13. h3 f5 14. Be3 Nf7 15. f4 Nf6
16. Bf2 Bd7 17. Nf3 b5 18. axb5 axb5 19. cxb5 Bxb5 20. Nh4 Nh8 21. Rfe1 Bd7 22.
Ra2 Nh5 23. e4 e5 24. exf5 exf4 25. g4 Ng3 26. Nxg6 Nxg6 27. fxg6 h5 28. Ra7
hxg4 29. hxg4 Bxg4 30. Ree7 Nh5 31. Be4 Re8 32. Rxe8+ Qxe8 33. Bf5 Nf6 34. Rf7
Rxb2 35. Qxb2 Bxf5 36. Qb7 Nh5 37. Nb5 Bxg6 38. Re7 Qd8 39. Qd7 Qa5 40. Nxd6
Qa1+ 41. Re1 Qc3 42. Qg4 Kh7 43. Ne4 Qb4 44. Ng5+ Kh6 45. Re6 Bf6 46. Nf3 Qb1+
47. Re1 Qb3 48. Ne5 Bxe5 49. Rxe5 Qb1+ 50. Be1 Qd3 51. Qg5+ Kg7 52. Bf2 f3 53.
Qe7+ Kg8 54. Qg5 c4 55. Re8+ Kg7 56. Qe5+ Nf6 57. Re7+ Bf7 58. Qg5+ Qg6 59.
Qxg6+ Kxg6 60. d6 1-0

[Event "SVK Extraliga 2018/2019"]
[Site "?"]
[Date "2019.03.09"]
[Round "7.4"]
[White "Nemeth, Miklos"]
[Black "Piesik, Piotr"]
[Result "1-0"]
[WhiteElo "2491"]
[BlackElo "2420"]
[PlyCount "71"]
[EventDate "2019.??.??"]

1. e4 e6 2. d4 d5 3. Nd2 Nf6 4. e5 Nfd7 5. f4 c5 6. c3 Nc6 7. Ndf3 cxd4 8. cxd4
Qb6 9. a3 a5 10. Ne2 Be7 11. f5 Qd8 12. fxe6 fxe6 13. Nf4 Nf8 14. Bd3 Bd7 15.
O-O Qb6 16. Kh1 O-O-O 17. b4 a4 18. b5 Na7 19. Rb1 g5 20. Ne2 Rg8 21. Nc3 Re8
22. Nxa4 Qd8 23. Nc5 g4 24. Ne1 Ng6 25. Nxd7 Qxd7 26. b6 Nc6 27. Qa4 Kb8 28.
Bb5 Rgf8 29. Rxf8 Rxf8 30. Bh6 Rf5 31. Nc2 g3 32. Be3 Rh5 33. h3 Nf8 34. Rc1
Qe8 35. Bxc6 Qxc6 36. Qa7+ 1-0

[Event "SVK Extraliga 2018/2019"]
[Site "?"]
[Date "2019.03.09"]
[Round "7.5"]
[White "Wiewiora, Eneasz"]
[Black "Varga, Zoltan"]
[Result "1/2-1/2"]
[WhiteElo "2354"]
[BlackElo "2448"]
[PlyCount "49"]
[EventDate "2019.??.??"]

1. d4 d5 2. c4 dxc4 3. Nf3 a6 4. a4 Nf6 5. e3 e6 6. Bxc4 c5 7. O-O Nc6 8. Nc3
Qc7 9. Qe2 Bd6 10. h3 O-O 11. Rd1 b6 12. d5 exd5 13. Nxd5 Nxd5 14. Bxd5 Bb7 15.
b3 Rad8 16. e4 Na5 17. Bg5 Be7 18. Bxb7 Qxb7 19. Bxe7 Qxe7 20. Qxa6 Nxb3 21.
Rxd8 Rxd8 22. Rb1 Nd4 23. Nxd4 Rxd4 24. Qxb6 Rxa4 25. Qc6 1/2-1/2

[Event "SVK Extraliga 2018/2019"]
[Site "Dunajov"]
[Date "2019.03.09"]
[Round "7.1"]
[White "Piorun, Kacper"]
[Black "Papp, Gabor"]
[Result "1/2-1/2"]
[WhiteElo "2631"]
[BlackElo "2599"]
[PlyCount "39"]
[EventDate "2019.??.??"]
[WhiteTeam "1"]
[BlackTeam "2"]

1. e4 e5 2. Nf3 Nf6 3. Nxe5 d6 4. Nf3 Nxe4 5. Nc3 Nxc3 6. dxc3 Be7 7. Be3 O-O
8. Qd2 Nd7 9. O-O-O c6 10. Bd3 d5 11. Rde1 Nc5 12. Bxc5 Bxc5 13. h4 Qf6 14. Nd4
Bd6 15. g3 Bd7 16. Re3 Rae8 17. Rf3 Qe5 18. Nf5 Bxf5 19. Rxf5 Qe6 20. Kb1
1/2-1/2

[Event "SVK Extraliga 2018/2019"]
[Site "Dunajov"]
[Date "2019.03.09"]
[Round "7.2"]
[White "Banusz, Tamas"]
[Black "Socko, Bartosz"]
[Result "1/2-1/2"]
[WhiteElo "2614"]
[BlackElo "2620"]
[PlyCount "53"]
[EventDate "2019.??.??"]
[WhiteTeam "1"]
[BlackTeam "1"]

1. Nf3 Nf6 2. c4 e6 3. g3 d5 4. Bg2 dxc4 5. Qa4+ Nbd7 6. Qxc4 a6 7. Qc2 c5 8.
Nc3 Ra7 9. O-O b5 10. d3 Bb7 11. a4 b4 12. Nb1 Be7 13. Nbd2 O-O 14. Nc4 Nb6 15.
Na5 Ba8 16. e4 Rc7 17. Ne5 Nfd7 18. Nec4 Rc8 19. Be3 Nxc4 20. Nxc4 Bf6 21. f4
Bd4 22. Qf2 Nb6 23. Rfc1 Re8 24. h3 h6 25. Rc2 Bxe3 26. Qxe3 Qd4 27. Qxd4
1/2-1/2

[Event "SVK Extraliga 2018/2019"]
[Site "Dunajov"]
[Date "2019.03.09"]
[Round "7.3"]
[White "Antoniewski, Rafal"]
[Black "Ftacnik, Lubomir"]
[Result "1/2-1/2"]
[WhiteElo "2505"]
[BlackElo "2513"]
[PlyCount "48"]
[EventDate "2019.??.??"]
[WhiteTeam "1"]
[BlackTeam "2"]

1. Nf3 Nf6 2. c4 e6 3. g3 d5 4. Bg2 d4 5. O-O c5 6. e3 Nc6 7. exd4 cxd4 8. d3
Bd6 9. Re1 O-O 10. Na3 Re8 11. Nb5 Bb8 12. Bg5 a6 13. Na3 Bd6 14. Nd2 Be7 15.
Bxf6 Bxf6 16. c5 Be7 17. Rc1 Bd7 18. Ne4 b5 19. cxb6 Qxb6 20. Nc4 Qb8 21. a3 a5
22. Qh5 Rf8 23. Ng5 h6 24. Nf3 Ra7 1/2-1/2

[Event "SVK Extraliga 2018/2019"]
[Site "?"]
[Date "2019.03.10"]
[Round "8.1"]
[White "Sipos, Istvan"]
[Black "Pechac, Jergus"]
[Result "1/2-1/2"]
[WhiteElo "2480"]
[BlackElo "2461"]
[PlyCount "119"]
[EventDate "2019.??.??"]

1. e4 e5 2. Nf3 Nc6 3. Bb5 Nf6 4. O-O Nxe4 5. Re1 Nd6 6. Nxe5 Nxe5 7. Rxe5+ Be7
8. Bf1 O-O 9. Nc3 Ne8 10. Nd5 Bd6 11. Re1 c6 12. Ne3 Be7 13. c4 d5 14. cxd5
cxd5 15. Nxd5 Bc5 16. d4 Qxd5 17. dxc5 Qxc5 18. Be3 Qa5 19. a3 Nf6 20. Bd4 Bg4
21. f3 Be6 22. Bxf6 gxf6 23. Qd4 Kg7 24. Rad1 Rac8 25. Qf2 Rfd8 26. h4 Rxd1 27.
Rxd1 Qc5 28. Qxc5 Rxc5 29. Bd3 f5 30. f4 Bb3 31. Re1 Rd5 32. Re3 Kf6 33. Bxf5
Kxf5 34. Rxb3 b6 35. Kh2 f6 36. Kg3 Ke4 37. Rb4+ Ke3 38. Rc4 Rb5 39. b4 a5 40.
bxa5 Rxa5 41. Rb4 f5 42. Rxb6 Rxa3 43. Re6+ Kd4+ 44. Kf2 Ra2+ 45. Kg1 Rc2 46.
h5 Rc5 47. Kh2 Kd5 48. Re5+ Kd4 49. Rxc5 Kxc5 50. h6 Kd5 51. Kh3 Ke4 52. g3 Kd5
53. Kg2 Ke6 54. Kf2 Kf6 55. Ke3 Kg6 56. Kd4 Kxh6 57. Ke5 Kg6 58. Ke6 h6 59. Ke5
Kh5 60. Kxf5 1/2-1/2

[Event "SVK Extraliga 2018/2019"]
[Site "?"]
[Date "2019.03.10"]
[Round "8.2"]
[White "Petrik, Tomas"]
[Black "Jakab, Bela"]
[Result "1-0"]
[WhiteElo "2464"]
[BlackElo "2325"]
[PlyCount "115"]
[EventDate "2019.??.??"]

1. e4 e6 2. d4 d5 3. Nd2 c5 4. exd5 Qxd5 5. Ngf3 cxd4 6. Bc4 Qd6 7. O-O Nf6 8.
Nb3 Nc6 9. Nbxd4 Nxd4 10. Nxd4 a6 11. Bb3 Qc7 12. Qf3 Bd6 13. h3 O-O 14. Bg5
Nd7 15. c3 h6 16. Bh4 Ne5 17. Qe4 Ng6 18. Bxe6 Bxe6 19. Nxe6 Rae8 20. Qxg6 Rxe6
21. Qd3 Rfe8 22. Rad1 Bf4 23. Qd7 Qb6 24. Qd4 Qc7 25. Qd7 Qb6 26. Rd4 Bd6 27.
b3 g5 28. Bg3 Rd8 29. Qa4 Bxg3 30. Rxd8+ Qxd8 31. fxg3 Qd3 32. Qb4 b5 33. Qg4
Qxc3 34. h4 Qe3+ 35. Kh2 Qe4 36. Qxe4 Rxe4 37. hxg5 hxg5 38. Rf5 g4 39. Rf4
Rxf4 40. gxf4 f5 41. Kg3 Kf7 42. Kh4 Kf6 43. Kh5 a5 44. g3 b4 45. Kh6 Ke6 46.
Kg6 Kd5 47. Kxf5 Kd4 48. Kxg4 Kc3 49. f5 Kb2 50. f6 Kxa2 51. f7 Kxb3 52. f8=Q
a4 53. Qf3+ Kb2 54. Qe4 Kc3 55. Qe3+ Kc4 56. Qc1+ Kb3 57. Qb1+ Kc3 58. Qa2 1-0

[Event "SVK Extraliga 2018/2019"]
[Site "?"]
[Date "2019.03.10"]
[Round "8.3"]
[White "Cibickova, Zuzana"]
[Black "Jurcik, Marian"]
[Result "0-1"]
[WhiteElo "2250"]
[BlackElo "2474"]
[PlyCount "151"]
[EventDate "2019.??.??"]

1. e4 c5 2. Nf3 Nc6 3. d4 cxd4 4. Nxd4 e6 5. Nc3 Qc7 6. Be3 a6 7. Qf3 Bd6 8.
O-O-O Be5 9. g3 Nge7 10. Qe2 O-O 11. f4 Bxd4 12. Bxd4 Nxd4 13. Rxd4 Nc6 14. Rd2
d6 15. Bg2 b5 16. Rhd1 b4 17. Na4 e5 18. fxe5 dxe5 19. Qc4 Bg4 20. Rf1 Rac8 21.
b3 a5 22. Kb2 Qb8 23. Rdf2 Rc7 24. Rc1 Rd8 25. Qc5 Nd4 26. Qb6 Qc8 27. Bf1 Bd7
28. Ba6 Qb8 29. Qxb8 Rxb8 30. c3 bxc3+ 31. Nxc3 Be6 32. Na4 Rxc1 33. Kxc1 Ra8
34. Nc5 Ra7 35. Nxe6 Nxe6 36. Bc4 Nc5 37. Rd2 g6 38. Bd5 Kg7 39. a3 f5 40. b4
axb4 41. axb4 Nxe4 42. Bxe4 fxe4 43. Re2 Rc7+ 44. Kb2 Rc4 45. Kb3 Rd4 46. Kc3
Kf6 47. Rd2 e3 48. Re2 Re4 49. b5 Ke6 50. b6 Kd6 51. b7 Kc7 52. Kd3 Rb4 53.
Kxe3 Kd6 54. Ra2 Rxb7 55. Ra3 Ke6 56. h3 h5 57. Ra6+ Kf5 58. g4+ hxg4 59. hxg4+
Kg5 60. Re6 Rf7 61. Ke2 Rf6 62. Rxe5+ Kxg4 63. Rd5 Rf5 64. Rd1 g5 65. Rd3 Kh4
66. Rd1 Kh3 67. Rh1+ Kg2 68. Rh5 Rf2+ 69. Ke3 g4 70. Rg5 g3 71. Rg8 Rf7 72. Rg6
Kh2 73. Rh6+ Kg1 74. Rg6 g2 75. Rg5 Kf1 76. Kd4 0-1

[Event "SVK Extraliga 2018/2019"]
[Site "?"]
[Date "2019.03.10"]
[Round "8.4"]
[White "Zvarik, Martin"]
[Black "Molnar, Erno"]
[Result "1-0"]
[WhiteElo "2312"]
[BlackElo "2221"]
[PlyCount "51"]
[EventDate "2019.??.??"]

1. e4 e5 2. Nf3 Nc6 3. Bb5 a6 4. Ba4 Nf6 5. d3 b5 6. Bb3 Bc5 7. Nc3 h6 8. Nd5
O-O 9. c3 d6 10. Nxf6+ Qxf6 11. Bd5 Bd7 12. Rg1 h5 13. h3 g6 14. g4 hxg4 15.
hxg4 Qh8 16. Ke2 Rfe8 17. Rh1 Qg7 18. Bh6 Qf6 19. Bg5 Qg7 20. Qg1 Rab8 21. Qg3
Ne7 22. Bb3 d5 23. exd5 Rb6 24. Nd2 e4 25. Nxe4 Nc8 26. Kd2 1-0

[Event "SVK Extraliga 2018/2019"]
[Site "?"]
[Date "2019.03.10"]
[Round "8.5"]
[White "Kukel, Imre"]
[Black "Kostelny, Jozef"]
[Result "0-1"]
[WhiteElo "2294"]
[BlackElo "2206"]
[PlyCount "116"]
[EventDate "2019.??.??"]

1. e4 c5 2. Nf3 Nc6 3. d4 cxd4 4. Nxd4 Nf6 5. Nc3 d6 6. Bc4 e6 7. Be3 a6 8. Qe2
Qc7 9. Bb3 b5 10. Nxc6 Qxc6 11. O-O-O Be7 12. f3 O-O 13. g4 Nd7 14. Nd5 Bd8 15.
Bf4 a5 16. Bxd6 Re8 17. a3 Ba6 18. Kb1 b4 19. Qf2 bxa3 20. Bxa3 Rb8 21. Nc3 Bf6
22. Qd2 Ne5 23. g5 Nxf3 24. Qd6 Qxd6 25. Rxd6 Bxc3 26. Rxa6 Bb4 27. Bxb4 axb4
28. Ba4 Red8 29. Bc6 Nxg5 30. e5 Rd4 31. Ka2 h5 32. Rf1 h4 33. Rg1 Nh3 34. Rg2
g5 35. Ra7 Kg7 36. Ba4 Rd5 37. Re2 Nf4 38. Re4 Rd2 39. Rc4 Ng6 40. Rg4 Kh6 41.
Re4 Rxh2 42. Rxf7 Nf4 43. Rf6+ Kg7 44. Rc4 Rb7 45. Rc8 Rf7 46. Be8 Rxf6 47.
exf6+ Kxf6 48. Kb3 g4 49. Kxb4 g3 50. Bc6 Rxc2 51. Rf8+ Ke5 52. Bf3 Rxb2+ 53.
Kc3 Rf2 54. Rg8 Rxf3+ 55. Kd2 g2 56. Rg7 h3 57. Rg8 h2 58. Rg7 g1=Q 0-1

[Event "SVK Extraliga 2018/2019"]
[Site "?"]
[Date "2019.03.10"]
[Round "8.1"]
[White "Aczel, Gergely"]
[Black "Mazur, Stefan"]
[Result "1-0"]
[WhiteElo "2542"]
[BlackElo "2441"]
[PlyCount "63"]
[EventDate "2019.??.??"]

1. d4 Nf6 2. c4 g6 3. f3 Bg7 4. e4 d6 5. Nc3 O-O 6. Bg5 c5 7. d5 e6 8. Qd2 Qa5
9. Bf4 exd5 10. cxd5 Ne8 11. g4 a6 12. Bh6 b5 13. h4 b4 14. Nd1 Bxh6 15. Qxh6
Qd8 16. g5 Qe7 17. h5 Ra7 18. Ne3 Qe5 19. Nc4 Qg3+ 20. Kd2 f5 21. hxg6 Rg7 22.
Bd3 fxe4 23. Bxe4 Qf4+ 24. Kc2 Bf5 25. Re1 Nd7 26. Nh3 Qxf3 27. Qh4 hxg6 28.
Rh2 Re7 29. Nf2 Bxe4+ 30. Nxe4 Qh5 31. Qg3 Qf3 32. Nf6+ 1-0

[Event "SVK Extraliga 2018/2019"]
[Site "?"]
[Date "2019.03.10"]
[Round "8.2"]
[White "Neuman, Petr"]
[Black "Gazik, Viktor"]
[Result "0-1"]
[WhiteElo "2401"]
[BlackElo "2535"]
[PlyCount "48"]
[EventDate "2019.??.??"]

1. e4 c5 2. Nf3 d6 3. d4 cxd4 4. Nxd4 Nf6 5. Nc3 a6 6. Bg5 Nbd7 7. f4 g6 8. Qe2
Bg7 9. O-O-O O-O 10. h4 h6 11. g4 e5 12. Nb3 hxg5 13. fxg5 Nh7 14. Qe3 Nb8 15.
Nd5 Nc6 16. c3 b5 17. Kb1 Rb8 18. Be2 Be6 19. Rdf1 b4 20. h5 bxc3 21. Bc4 Qxg5
22. hxg6 Qxg6 23. g5 Bxd5 24. Bxd5 Nb4 0-1

[Event "SVK Extraliga 2018/2019"]
[Site "?"]
[Date "2019.03.10"]
[Round "8.3"]
[White "Mihok, Oliver"]
[Black "Hrabusa, Matej"]
[Result "1-0"]
[WhiteElo "2537"]
[BlackElo "2407"]
[PlyCount "119"]
[EventDate "2019.??.??"]

1. e4 e6 2. d4 d5 3. Nc3 Bb4 4. e5 c5 5. a3 Ba5 6. b4 cxd4 7. Qg4 Kf8 8. Nb5
Bb6 9. Nf3 Nc6 10. Bb2 Nge7 11. Nbxd4 h5 12. Qf4 Ng6 13. Nxc6 bxc6 14. Qd2 Nh4
15. Ng5 Qe7 16. Qf4 Bd8 17. Qxh4 Qxg5 18. Qxg5 Bxg5 19. a4 Rb8 20. Bd4 Rxb4 21.
Bxa7 Be7 22. a5 c5 23. Bb6 Ke8 24. Be2 c4 25. Kd2 Ba6 26. Rhb1 Kd7 27. Rxb4
Bxb4+ 28. c3 Be7 29. Bd1 Kc6 30. Bd4 Bb5 31. a6 g6 32. a7 Ra8 33. Ke3 Bc5 34.
Bxc5 Kxc5 35. Kf4 Kb6 36. Kg5 Ba6 37. Kf6 Rxa7 38. h4 Kc5 39. Ra5+ Kb6 40. Ra1
Kc5 41. Ra5+ Kb6 42. Ra2 Kc5 43. Ra4 Kb5 44. f4 d4 45. cxd4 Rd7 46. Ra1 Rxd4
47. g3 Rd3 48. Kxf7 Rxg3 49. Kxe6 Rh3 50. Kd6 Rd3+ 51. Kc7 Re3 52. Bc2 c3 53.
Bxg6 Rg3 54. Be8+ Kb4 55. Ra4+ Kb3 56. Rxa6 Kb2 57. Rb6+ Ka1 58. Bg6 Rf3 59. e6
Rxf4 60. e7 1-0

[Event "SVK Extraliga 2018/2019"]
[Site "?"]
[Date "2019.03.10"]
[Round "8.4"]
[White "Rojicek, Vojtech"]
[Black "Horvath, Csaba"]
[Result "1/2-1/2"]
[WhiteElo "2382"]
[BlackElo "2510"]
[PlyCount "27"]
[EventDate "2019.??.??"]

1. d4 Nf6 2. Nf3 d5 3. c4 dxc4 4. e3 e6 5. Bxc4 a6 6. O-O b5 7. Be2 Bb7 8. b3
Nbd7 9. Bb2 Be7 10. Nbd2 c5 11. Rc1 Rc8 12. Rc2 O-O 13. Qa1 cxd4 14. Rxc8
1/2-1/2

[Event "SVK Extraliga 2018/2019"]
[Site "?"]
[Date "2019.03.10"]
[Round "8.5"]
[White "Vass, Frantisek"]
[Black "Hausner, Ivan"]
[Result "1/2-1/2"]
[WhiteElo "2314"]
[BlackElo "2338"]
[PlyCount "22"]
[EventDate "2019.??.??"]

1. d4 d6 2. c4 e5 3. d5 Be7 4. e4 Bg5 5. Nf3 Bxc1 6. Qxc1 Nf6 7. Nc3 O-O 8. Be2
Na6 9. Nd2 c5 10. Nf1 Nc7 11. Ng3 Bd7 1/2-1/2

[Event "SVK Extraliga 2018/2019"]
[Site "?"]
[Date "2019.03.10"]
[Round "8.6"]
[White "Haring, Filip"]
[Black "Chovan, Milan"]
[Result "1/2-1/2"]
[WhiteElo "2289"]
[BlackElo "2341"]
[PlyCount "106"]
[EventDate "2019.??.??"]

1. e4 e5 2. Nf3 Nc6 3. d4 exd4 4. Nxd4 Bc5 5. Nb3 Bb6 6. Nc3 Nf6 7. Qe2 O-O 8.
Bg5 h6 9. Bh4 a5 10. a4 Nd4 11. Qd3 Nxb3 12. cxb3 c6 13. O-O-O d5 14. exd5 cxd5
15. Nxd5 g5 16. Bg3 Be6 17. Nxb6 Qxb6 18. Qb5 Qxb5 19. Bxb5 Rac8+ 20. Kb1 Bxb3
21. Rde1 Ne4 22. Re3 Nd2+ 23. Ka1 Be6 24. Rc3 Rxc3 25. bxc3 Rc8 26. Kb2 Ne4 27.
Be5 Nxf2 28. Rf1 Ne4 29. Rd1 Nc5 30. Rd6 Kh7 31. Bd4 h5 32. Rb6 Bd5 33. g3 Ne6
34. Bd3+ Kg8 35. Rb5 Bc4 36. Bxc4 Rxc4 37. Rxa5 Kh7 38. Kb3 Rc7 39. Kb4 Kg6 40.
Kb5 Nxd4+ 41. cxd4 f5 42. Ra8 Rf7 43. Rg8+ Kf6 44. Kc4 f4 45. gxf4 gxf4 46. Kd3
Kf5 47. h4 f3 48. Ke3 Ke6 49. Kf2 Rf4 50. Rg7 Rxd4 51. Rxb7 Rxa4 52. Kxf3 Rxh4
53. Rb6+ Ke5 1/2-1/2

[Event "SVK Extraliga 2018/2019"]
[Site "?"]
[Date "2019.03.10"]
[Round "8.7"]
[White "Gazik, Igor"]
[Black "Cech, Pavel"]
[Result "1/2-1/2"]
[WhiteElo "2251"]
[BlackElo "2324"]
[PlyCount "58"]
[EventDate "2019.??.??"]

1. e4 e6 2. d3 d5 3. Nd2 Nf6 4. Ngf3 Nc6 5. c3 Bd6 6. Qc2 O-O 7. Be2 a5 8. a4
e5 9. h3 b6 10. Nf1 Ne7 11. Bg5 Ng6 12. Ng3 Nf4 13. O-O h6 14. Bxf4 exf4 15.
Nf5 Bxf5 16. exf5 Qd7 17. d4 Ne4 18. Nd2 Nxd2 19. Qxd2 Qxf5 20. Bf3 Rae8 21.
Rfe1 h5 22. Re2 Re6 23. Qc2 Qg5 24. Rae1 Rfe8 25. Rxe6 Rxe6 26. Rxe6 fxe6 27.
Qe2 Qf5 28. Bxh5 Qb1+ 29. Qd1 Qxd1+ 1/2-1/2